Загрузка...
Marketing Research: Tools and Techniques
| Главный автор: | |
|---|---|
| Формат: | Printed Book |
| Язык: | Undetermined English |
| Опубликовано: |
New york
Oxford University Press
2010
|
| Редактирование: | 2 |
| LEADER | 00555nam a2200181Ia 4500 | ||
|---|---|---|---|
| 008 | 140306s9999 xx 000 0 und d | ||
| 020 | |a 9780199597352 | ||
| 041 | |a eng | ||
| 082 | |a 658.8 |b BRA/MA | ||
| 100 | |a Nigel, Bradley | ||
| 245 | |a Marketing Research: Tools and Techniques | ||
| 250 | |a 2 | ||
| 260 | |a New york |b Oxford University Press |c 2010 | ||
| 300 | |a 527 | ||
| 365 | |b Rs.395/- | ||
| 942 | |2 ddc |c BK | ||
| 999 | |c 188175 |d 188175 | ||
| 952 | |0 0 |1 0 |2 ddc |4 0 |6 658_800000000000000_BRA_MA |7 0 |9 194318 |a KAUCBV |b KAUCBV |g 395.00 |o 658.8 BRA/MA |r 2014-03-22 |w 2014-03-22 |y BK | ||